Vplyv globálnej ekonomickej a finančnej krízy na dodávateľské vzťahy v automobilovom priemysle
Vzťahy medzi jednotlivými subjektami dodávateľského reťazca v automobilovom priemysle sa pred finančnou a ekonomickou krízou rokov 2008-2009 vyznačovali vzájomnym nepriateľstvom a konkurenciou medzi firmami. Toto všetko sa zúčastneným subjektom vypomstilo práve v krízovych rokoch. Od nástupu krízy m...
Salvato in:
| Autore principale: | |
|---|---|
| Natura: | Capitolo di libro |
| Lingua: | slovacco |
| Soggetti: | |
| Tags: |
Nessun Tag, puoi essere il primo ad aggiungerne!!
|
MARC
| LEADER | 00000nla a2200000 4500 | ||
|---|---|---|---|
| 001 | 0180982 | ||
| 005 | 20240502073109.9 | ||
| 041 | 0 | |a slo | |
| 044 | |a SK | ||
| 245 | 1 | 0 | |a Vplyv globálnej ekonomickej a finančnej krízy na dodávateľské vzťahy v automobilovom priemysle |c Andrej Čikel |
| 520 | |a Vzťahy medzi jednotlivými subjektami dodávateľského reťazca v automobilovom priemysle sa pred finančnou a ekonomickou krízou rokov 2008-2009 vyznačovali vzájomnym nepriateľstvom a konkurenciou medzi firmami. Toto všetko sa zúčastneným subjektom vypomstilo práve v krízovych rokoch. Od nástupu krízy môžeme sledovať zásadný posun v charaktere vzájomných vzťahov medzi partnermi smerom ku otvorenej spolupráci založenej na dôvere. | ||
| 610 | 2 | 0 | |a priemysel automobilový |
| 610 | 2 | 0 | |a firmy |
| 610 | 2 | 0 | |a kríza |
| 610 | 2 | 0 | |a vzťahy dodávateľsko-odberateľské |
| 610 | 2 | 0 | |a vzťahy medzipodnikové |
| 100 | 1 | |a Čikel, Andrej | |